Soluciones prácticas para el ingeniero químico. Manual de soluciones rápidas y exactas para los problemas cotidianas en la ingeniería de procesos

Bibliographic Details
Main Author: Branan, Carl R.
Format: Section = Libro
Language:Undetermined
Spanish
Published: México McGraw-Hill 2000
Edition:2a.ed.
Subjects:
LEADER 00777nam a2200229Ia 4500
008 240829s9999 xx 000 0 und d
020 |a 970-10-2733-7 
040 |a BIBLIOTECA-RUSB/ Ref 660.281 B816 
041 |a spa 
082 |a Ref 660.281 B816 
100 1 |a Branan, Carl R. 
245 1 0 |a Soluciones prácticas para el ingeniero químico. Manual de soluciones rápidas y exactas para los problemas cotidianas en la ingeniería de procesos 
250 |a 2a.ed. 
260 |a México  |b McGraw-Hill  |c 2000 
300 |a 418 p. :il. 
650 7 |a INGENIERIA QUIMICA - DISEÑO CONTROL DE PROCESO 
650 7 |b  FLUJO DE FLUIDOS 
650 7 |c  COMPRESORAS, CALDERAS, SEPARADORES 
650 7 |d  CONTROL DE PROCESO COMPUTACIONAL 
942 |c BK  |2 ddc 
991 |a TEXTO 
999 |c 6235